| 000 | 00885nam a2200277 a 4500 | ||
|---|---|---|---|
| 001 | 53586 | ||
| 003 | BD-RjUL | ||
| 005 | 20211209080004.0 | ||
| 008 | 161018s1987 nyua b 001 0 eng | ||
| 020 | _a0070425345 | ||
| 035 | _a(BD-RjUL)53708 | ||
| 040 |
_aDLC _cDLC _dBD-RjUL _beng |
||
| 041 | _aeng | ||
| 082 | 0 | 0 |
_a658.3 _223 _bMIP 1987 |
| 100 | 1 |
_aMitchell, Terence R. _9160148 |
|
| 245 | 1 | 0 |
_aPeople in organizations : _ban introduction to organizational behavior / _cTerence R. Mitchell, James R. Larson, Jr. |
| 250 | _a3rd ed. | ||
| 260 |
_aNew York : _bMcGraw-Hill, _cc1987. |
||
| 300 |
_axi, 602 p. : _bill. ; _c24 cm. |
||
| 504 | _aIncludes bibliographies and indexes. | ||
| 650 | 0 |
_aOrganization. _9160150 |
|
| 650 | 0 |
_aOrganizational behavior. _9159655 |
|
| 700 | 1 |
_aLarson, James R. _9160151 |
|
| 942 |
_2ddc _cBK |
||
| 999 |
_c53586 _d53586 |
||